MARC

LEADER 00000nam0a2200000 4500
001 47766
005 20231101211116.0
010 |a 5951100097 
035 |a (RuTPU)RU\TPU\book\49913 
090 |a 47766 
100 |a 20030225d2002 m y0rusy50 ca 
101 0 |a rus 
102 |a RU 
105 |a y j 001zy 
200 1 |a Основы теории электрических цепей  |e учебник для вузов  |f Ю. А. Бычков, В. М. Золотницкий, Э. П. Чернышев  |g Санкт-Петербургский государственный электротехнический университет  
210 |a СПб.  |c Лань  |d 2002 
215 |a 464 с. 
320 |a Библиогр.: с. 452 
610 1 |a электротехника 
610 1 |a электрические цепи 
610 1 |a переходные процессы 
610 1 |a анализ 
610 1 |a преобразования Лапласа 
610 1 |a применение 
610 1 |a установившиеся режимы 
610 1 |a трехфазные цепи 
610 1 |a фильтры 
610 1 |a синтез 
610 1 |a дискретные сигналы 
610 1 |a дискретные цепи 
610 1 |a нелинейные цепи 
610 1 |a релейные автоколебательные цепи 
610 1 |a магнитные цепи 
610 1 |a расчет 
610 1 |a учебники 
675 |a 621.3.011.7(075.8)  |v 3 
700 1 |a Бычков  |b Ю. А. 
701 1 |a Золотницкий  |b В. М. 
701 1 |a Чернышев  |b Э. П. 
712 0 2 |a Санкт-Петербургский государственный электротехнический университет  |2 stltpush  |3 (RuTPU)RU\TPU\col\2242  |9 23663 
801 1 |a RU  |b 63413507  |c 20030225  |g PSBO 
801 2 |a RU  |b 63413507  |c 20201010  |g PSBO 
900 |a Основы теории электрических цепей 
942 |c BK